| 000 | 00738nam a2200193 a 4500 | ||
|---|---|---|---|
| 005 | 20140412111312.0 | ||
| 008 | 010326s19uu xx 00 eng d | ||
| 020 | _a0-7835-1313-5 | ||
| 050 |
_aREF 170 _bC54Dr v.14 |
||
| 245 |
_aThe dragon lanterns : _ba book about honesty. |
||
| 260 |
_aAsia : _bTime Life Asia, _c1997. |
||
| 300 | _a29 p. ; ill. | ||
| 440 | _aA Child's First Library of Values | ||
| 500 | _aw/ casette tape | ||
| 520 | _aA dishonest man steals two magical dancing lanterns and pretends that he made them himself. When he presents them to the Emperor, his deciet is soon found out and he discovers what happens to people who steal and lie. | ||
| 650 | _aValues | ||
| 650 | _aHonesty - Fiction | ||
| 999 |
_c104030 _d104030 |
||